000 00398cam a22001572a 4500
001 000068
003 AR-FADEU
008 311216n1990####xxu####################dd
100 _aNaciones Unidas
245 _aABC delas Naciones Unidas
260 _bNaciones Unidas
260 _aNueva York
260 _c1990
650 _aNACIONES UNIDAS-ABC; DERECHOS HUMANOS-NACIONES UNIDAS
942 _cFOLLETO
999 _c941
_d941